Viento y arquitectura : (Registro nro. 3761)
[ vista simple ]
| 000 -LEADER | |
|---|---|
| fixed length control field | 00871nam a22002537a 4500 |
| 003 - CONTROL NUMBER IDENTIFIER | |
| control field | PE SENCICO BE |
| 005 - DATE AND TIME OF LATEST TRANSACTION | |
| control field | 20251020182624.0 |
| 008 - FIXED-LENGTH DATA ELEMENTS--GENERAL INFORMATION | |
| fixed length control field | 230111b |||||||| |||| 00| 0 eng d |
| 020 ## - INTERNATIONAL STANDARD BOOK NUMBER | |
| International Standard Book Number | 968-24-7039-0 |
| 040 ## - CATALOGING SOURCE | |
| Original cataloging agency | PE SENCICO BE |
| Transcribing agency | PE SENCICO BE |
| 041 ## - LANGUAGE CODE | |
| Language code of text/sound track or separate title | spa |
| 082 ## - DEWEY DECIMAL CLASSIFICATION NUMBER | |
| Classification number | 721 |
| Item number | G26 |
| 100 1# - MAIN ENTRY--PERSONAL NAME | |
| 9 (RLIN) | 423 |
| Personal name | García Chávez, José Roberto |
| Relator term | autor |
| 245 1# - TITLE STATEMENT | |
| Title | Viento y arquitectura : |
| Remainder of title | el viento como factor de diseño arquitectónico / |
| Statement of responsibility, etc. | José Roberto García Chávez, Victor Fuentes Freixanet |
| 250 ## - EDITION STATEMENT | |
| Edition statement | 3a ed. |
| 260 ## - PUBLICATION, DISTRIBUTION, ETC. | |
| Place of publication, distribution, etc. | México, D. F. : |
| Name of publisher, distributor, etc. | Trillas, |
| Date of publication, distribution, etc. | 2005 |
| 300 ## - PHYSICAL DESCRIPTION | |
| Extent | 186 p. : |
| Other physical details | il., diagrs.; |
| Dimensions | 27 cm. |
| 650 14 - SUBJECT ADDED ENTRY--TOPICAL TERM | |
| 9 (RLIN) | 18 |
| Topical term or geographic name entry element | Diseño arquitectónico |
| 650 24 - SUBJECT ADDED ENTRY--TOPICAL TERM | |
| 9 (RLIN) | 188 |
| Topical term or geographic name entry element | Arquitectura y clima |
| 650 24 - SUBJECT ADDED ENTRY--TOPICAL TERM | |
| 9 (RLIN) | 424 |
| Topical term or geographic name entry element | Vientos |
| 700 1# - ADDED ENTRY--PERSONAL NAME | |
| Personal name | Fuentes Freixanet, Víctor |
| Relator term | autor |
| 9 (RLIN) | 425 |
| 910 ## - USER-OPTION DATA (OCLC) | |
| -- | hfp |
| -- | hfp |
| 942 ## - ADDED ENTRY ELEMENTS (KOHA) | |
| Source of classification or shelving scheme | Dewey Decimal Classification |
| Koha item type | Libros |
| Classification part | 721 |
| Item part | G26 |
| Fecha de la última vez que lo usaron | Número de ingreso o de inventario | Pago total | Signatura topográfica completa | Precio efectivo desde | Tipo de documento | Estado perdido | Sistema de clasificación | Estado dañado | No es para préstamo | Retirado | Ubicación permanente | Ubicación actual | Fecha de adquisición |
|---|---|---|---|---|---|---|---|---|---|---|---|---|---|
| 11/01/2023 | 16426 | 721/G26/2005 | 11/01/2023 | Libros | Dewey Decimal Classification | Biblioteca Central Lima | Biblioteca Central Lima | 11/01/2023 |